| 000 | 00808nam a2200241Ia 4500 | ||
|---|---|---|---|
| 003 | OSt | ||
| 005 | 20221005112529.0 | ||
| 006 | a|||||r|||| 00| 0 | ||
| 007 | ta | ||
| 008 | 221004b |||||||| |||| 00| 0 pan d | ||
| 020 | _c250 | ||
| 024 | _a107379 | ||
| 037 |
_b519, 02/02/2011, H.K. Prakashan _cTextual |
||
| 040 |
_aCRL _cCRL _bpan |
||
| 041 |
_2pan _apan |
||
| 082 | _aO153,3NDH:g, P5 | ||
| 100 | _aਜਗਬੀਰ ਸਿੰਘ, ਥਦ। | ||
| 245 | 0 | _aਦਰਨ ਸਿੰਘ ਧੀਰ ਦੀ ਨਾਵਲ ਚੇਤਨਾ | |
| 260 |
_aਚੰਡੀਗੜ _bਲੋਕਗੀਤ ਭਾਰਤ _c2005 |
||
| 300 |
_a181ਪੰ _ccm. |
||
| 942 |
_hO153,3NDH:g, P5 _cTEXL _2cc |
||
| 999 |
_c1025179 _d1025179 |
||